00576nam a22001697a 450000500170000001000150001702000270003203500140005903700130007308200130008610000180009924501210011726000340023827000500027230000260032250000580034820181025142756.0 aENG-124369 c1495.00a9789386552792 aEN-107901 bDBAD/PUB a954.0841 aPathak, Vikas aContesting nationalisms:cby Vikas Pathakbhinduism, secularism and untouchability in colonial punjab, 1880-1930 / / aNew DelhibPrimus Booksc2018 aArakashan Road, Paharganj,bNew Delhie110055 axvi,266p.c22cm. (Hb) aIt includes conclusion, select bibliography and index